| 000 | 00467nam a2200157 4500 | ||
|---|---|---|---|
| 001 | 111343 | ||
| 003 | ES-MaACL | ||
| 005 | 20230906185303.0 | ||
| 007 | t| | ||
| 008 | 061121s1955 sp r ||||1| spa d | ||
| 100 | 1 |
_aOlivar Bertrand, R. _986762 |
|
| 245 | 1 | 0 |
_aSiglo de pasión política _b: así cayó Isabel II / _cRafael Olivar Bertrand. |
| 260 |
_aBarcelona : _bDestino, _c1955. |
||
| 300 |
_a436 p., 21 lám. ; _c25 cm. |
||
| 852 |
_aES-MaACL _jC-9860 _bR.38664 |
||
| 999 |
_c111343 _d111343 |
||